[Event "Nezhmetdinov Memorial 40th"]
[Site "Kazan"]
[Date "2018.09.15"]
[Round "3"]
[White "Kurinov, Mikhail"]
[Black "Zhafyarov, Adel"]
[Result "1/2-1/2"]
[WhiteElo "1766"]
[BlackElo "2202"]
[PlyCount "85"]
[EventDate "2018.09.13"]
[EventType "swiss"]
[EventRounds "9"]
[EventCountry "RUS"]
[SourceTitle "CBM 186 Extra"]
[Source "ChessBase"]
[SourceDate "2018.08.24"]
[SourceVersion "1"]
[SourceVersionDate "2018.08.24"]
[SourceQuality "1"]

1. d4 d5 2. c4 e6 3. Nc3 Nf6 4. cxd5 exd5 5. Bg5 Nbd7 6. e3 c6 7. Bd3 Bd6 8. Qc2 h6 9. Bh4 0-0 10. Nf3 Re8 11. 0-0 Nf8 12. Bg3 Bxg3 13. hxg3 Qd6 14. Ne5 Ng4 15. Nf3 Nf6 16. Ne5 Bd7 17. Rac1 Rac8 18. Qd2 Ne6 19. b3 Red8 20. Na4 Be8 21. Nc5 Nxc5 22. Rxc5 b6 23. Rc2 c5 24. Nf3 Ne4 25. Qe2 f6 26. dxc5 Rxc5 27. Nd4 Bd7 28. Rfc1 Rdc8 29. a3 a5 30. b4 axb4 31. axb4 Rxc2 32. Rxc2 Re8 33. Bxe4 Rxe4 34. Qd2 Re8 35. Qc3 Rc8 36. Qb3 Re8 37. Qc3 Rc8 38. Qb3 Re8 39. Rd2 f5 40. Ne2 Be6 41. Nf4 Bf7 42. Qc3 g5 43. Ne2 1/2-1/2